000 00929nam a2200241 a 4500
001 59882
003 BD-RjUL
005 20211209080758.0
008 161227s1987 bg ||||| |||| 00| 0 ben d
020 _c: Tk. 36.00
035 _a(BD-RjUL) 60006
040 _aBD-RjUL
_bben
_cBD-RjUL
041 _aben
041 _aeng
082 _223
_a370.297
_bALI 1987
100 1 _aআলমগীর, মুহাম্মদ
_9178167
245 1 0 _aইতিহাসের আলোকে আমাদের শিক্ষার ঐতিহ্য ও প্রকৃতি /
_cমুহাম্মদ আলমগীর
260 _aঢাকা :
_bইসলামিক ফাউন্ডেশন বাংলাদেশ,
_c১৯৮৭
300 _a[৮], ২১৫ পৃ. ;
_c২১ ‍সেমি
650 _aশিক্ষা
_xইসলাম
_9178168
650 _aIslamic Education
_9178169
942 _2ddc
_cBK
999 _c59882
_d59882